00166 a2200073 45000010005000001000024000052450044000292600019000733652 aIkhtiar ul Mulk S M aPakistan: statistical year book:1965-66 abC S Officec